<?xml version="1.0" encoding="UTF-8"?>
<record
    xmlns:xsi="http://www.w3.org/2001/XMLSchema-instance"
    xsi:schemaLocation="http://www.loc.gov/MARC21/slim http://www.loc.gov/standards/marcxml/schema/MARC21slim.xsd"
    xmlns="http://www.loc.gov/MARC21/slim">

  <leader>00558nam a22001817a 4500</leader>
  <controlfield tag="005">20241023125836.0</controlfield>
  <datafield tag="010" ind1=" " ind2=" ">
    <subfield code="a">ENG-142310</subfield>
  </datafield>
  <datafield tag="020" ind1=" " ind2=" ">
    <subfield code="a">9789351952084</subfield>
    <subfield code="c">599.00</subfield>
  </datafield>
  <datafield tag="035" ind1=" " ind2=" ">
    <subfield code="a">EN-125842</subfield>
  </datafield>
  <datafield tag="037" ind1=" " ind2=" ">
    <subfield code="b">DBAD</subfield>
  </datafield>
  <datafield tag="082" ind1=" " ind2=" ">
    <subfield code="a">629.222</subfield>
  </datafield>
  <datafield tag="100" ind1=" " ind2=" ">
    <subfield code="a">Subbu, Bvr </subfield>
    <subfield code="9">73241</subfield>
  </datafield>
  <datafield tag="245" ind1=" " ind2=" ">
    <subfield code="a">Santro:</subfield>
    <subfield code="c">by Bvr Subbu</subfield>
    <subfield code="b">The Car that Built a Company/</subfield>
  </datafield>
  <datafield tag="260" ind1=" " ind2=" ">
    <subfield code="a">Gurgaon</subfield>
    <subfield code="b">Hachette Book Publishing India</subfield>
    <subfield code="c">2017</subfield>
  </datafield>
  <datafield tag="270" ind1=" " ind2=" ">
    <subfield code="a">4th/5th Floors, Corporate Centre, Sector 44</subfield>
    <subfield code="b">Gurgaon</subfield>
    <subfield code="e">122003</subfield>
  </datafield>
  <datafield tag="300" ind1=" " ind2=" ">
    <subfield code="a">x,254p.</subfield>
    <subfield code="c">22cm(hb)</subfield>
  </datafield>
  <datafield tag="942" ind1=" " ind2=" ">
    <subfield code="2">ddc</subfield>
    <subfield code="c">EN</subfield>
    <subfield code="m">SUB</subfield>
    <subfield code="h">629.222</subfield>
  </datafield>
  <datafield tag="999" ind1=" " ind2=" ">
    <subfield code="c">206625</subfield>
    <subfield code="d">206625</subfield>
  </datafield>
  <datafield tag="952" ind1=" " ind2=" ">
    <subfield code="0">0</subfield>
    <subfield code="1">0</subfield>
    <subfield code="4">0</subfield>
    <subfield code="7">1</subfield>
    <subfield code="8">NFIC</subfield>
    <subfield code="a">DBAD</subfield>
    <subfield code="b">DBAD</subfield>
    <subfield code="d">2024-10-23</subfield>
    <subfield code="e">Delivery of Books Act Division</subfield>
    <subfield code="g">599.00</subfield>
    <subfield code="l">0</subfield>
    <subfield code="o">SUB 629.222</subfield>
    <subfield code="p">EN-125842</subfield>
    <subfield code="r">2024-10-23 00:00:00</subfield>
    <subfield code="t">1</subfield>
    <subfield code="v">599.00</subfield>
    <subfield code="w">2024-10-23</subfield>
    <subfield code="y">EN</subfield>
  </datafield>
</record>
